Statistics for UEFA Euro 2004 Results

Click here to take the quiz!

General Stats

  • This quiz has been taken 56 times
  • The average score is 15 of 16

Answer Stats

Answer % Correct
England
100%
Greece
100%
Portugal
100%
France
98%
Italy
98%
Spain
98%
Croatia
96%
Germany
96%
Netherlands
96%
Sweden
96%
Russia
91%
Czech Republic
89%
Denmark
89%
Switzerland
89%
Bulgaria
78%
Latvia
62%

Score Distribution

Percentile by Number Answered

Percent of People with Each Score

Your Score History

You have not taken this quiz